[Event "CZE-ch U10 Girls"]
[Site "Sec u Chrudimi"]
[Date "2007.03.16"]
[Round "8"]
[White "Hustakova, Magdalena"]
[Black "Nemcova, Karin"]
[Result "1-0"]
[WhiteElo "1000"]
[BlackElo "1000"]
[PlyCount "59"]
[EventDate "2007.03.10"]
[EventType "swiss"]
[EventRounds "9"]
[EventCountry "CZE"]
[SourceTitle "EXT 2008"]
[Source "ChessBase"]
[SourceDate "2007.11.25"]
[SourceVersion "1"]
[SourceVersionDate "2007.11.25"]
[SourceQuality "1"]

1. e4 e5 2. Nc3 Nc6 3. Bc4 Bb4 4. a3 Nf6 5. axb4 Nxb4 6. Nf3 d6 7. d3 0-0 8. 0-0 Bg4 9. h3 Bxf3 10. Qxf3 Nxc2 11. Rb1 Nd4 12. Qg3 Ne2+ 13. Nxe2 a5 14. Bg5 c6 15. Nc3 d5 16. exd5 cxd5 17. Bb5 d4 18. Ne4 Nxe4 19. dxe4 a4 20. Bxd8 a3 21. bxa3 Raxd8 22. Qxe5 f6 23. Qe7 Rf7 24. Qxd8+ Rf8 25. Be8 g5 26. Rxb7 Kh8 27. Qe7 Rg8 28. Bf7 Rg7 29. Rb8+ Rg8 30. Rxg8# 1-0

[Event "CZE-ch U10 Girls"]
[Site "Sec u Chrudimi"]
[Date "2007.03.15"]
[Round "7"]
[White "Nemcova, Kamila"]
[Black "Hustakova, Magdalena"]
[Result "1-0"]
[WhiteElo "1000"]
[BlackElo "1000"]
[PlyCount "91"]
[EventDate "2007.03.10"]
[EventType "swiss"]
[EventRounds "9"]
[EventCountry "CZE"]
[SourceTitle "EXT 2008"]
[Source "ChessBase"]
[SourceDate "2007.11.25"]
[SourceVersion "1"]
[SourceVersionDate "2007.11.25"]
[SourceQuality "1"]

1. e4 e5 2. Nf3 Nc6 3. Bb5 a6 4. Bxc6 bxc6 5. Nxe5 d6 6. Nxc6 Qf6 7. Nc3 d5 8. exd5 Bc5 9. Ne4 Bb6 10. Nxf6+ Nxf6 11. f3 Bd7 12. Ne5 0-0 13. Nxd7 Nxd7 14. d3 Rfe8+ 15. Kf1 Re7 16. Bg5 Nf6 17. Bxf6 gxf6 18. c3 Rae8 19. Qd2 Be3 20. Qc2 Bh6 21. Qa4 c6 22. Qxc6 Kf8 23. Qxf6 Bg7 24. Qf4 f6 25. d6 Re6 26. d7 Rd8 27. Qc7 Ra8 28. d8Q+ Rxd8 29. Qxd8+ Kf7 30. Re1 Re8 31. Rxe8 a5 32. b4 a4 33. b5 Bh6 34. b6 Bf4 35. b7 Kg6 36. Rg8+ Kf5 37. Re8 h6 38. g3 Be5 39. d4 Bb8 40. Qxb8 h5 41. Qd8 h4 42. b8Q hxg3 43. hxg3 a3 44. Rf8 Kg6 45. Rxf6+ Kg5 46. Qf4# 1-0

[Event "CZE-ch U10 Girls"]
[Site "Sec u Chrudimi"]
[Date "2007.03.14"]
[Round "6"]
[White "Hustakova, Magdalena"]
[Black "Bohanesova, Vendula"]
[Result "0-1"]
[WhiteElo "1000"]
[BlackElo "1100"]
[PlyCount "54"]
[EventDate "2007.03.10"]
[EventType "swiss"]
[EventRounds "9"]
[EventCountry "CZE"]
[SourceTitle "EXT 2008"]
[Source "ChessBase"]
[SourceDate "2007.11.25"]
[SourceVersion "1"]
[SourceVersionDate "2007.11.25"]
[SourceQuality "1"]

1. e4 e5 2. Nc3 Nf6 3. Bc4 Nc6 4. Nf3 Bc5 5. d3 d6 6. 0-0 Be6 7. Bg5 Qd7 8. Nd5 Nd4 9. Nxf6+ gxf6 10. Bxf6 Rg8 11. Nxd4 Bxd4 12. c3 Bb6 13. Bxe6 Qxe6 14. Qf3 Rg6 15. Qf5 Qxf5 16. exf5 Rxf6 17. Rfe1 0-0-0 18. a4 Rxf5 19. g4 Rf4 20. h3 Bxf2+ 21. Kg2 Rg8 22. Ra3 h5 23. Rf1 hxg4 24. hxg4 Rgxg4+ 25. Kh2 Rf5 26. Kh3 Rg8 27. Rxf2 Rh5# 0-1

[Event "CZE-ch U10 Girls"]
[Site "Sec u Chrudimi"]
[Date "2007.03.12"]
[Round "4"]
[White "Suchomelova, Simona"]
[Black "Hustakova, Magdalena"]
[Result "1-0"]
[WhiteElo "1000"]
[BlackElo "1000"]
[PlyCount "35"]
[EventDate "2007.03.10"]
[EventType "swiss"]
[EventRounds "9"]
[EventCountry "CZE"]
[SourceTitle "EXT 2008"]
[Source "ChessBase"]
[SourceDate "2007.11.25"]
[SourceVersion "1"]
[SourceVersionDate "2007.11.25"]
[SourceQuality "1"]

1. e4 e5 2. Nf3 Nc6 3. Nc3 Nf6 4. Bb5 a6 5. Bxc6 bxc6 6. 0-0 Bc5 7. d3 0-0 8. Be3 d6 9. Bxc5 dxc5 10. Nxe5 Bg4 11. Nxg4 Nxg4 12. Qxg4 Qc8 13. Qh4 h6 14. Rae1 g5 15. Qxh6 f6 16. Re3 f5 17. Qxg5+ Kh8 18. Rh3# 1-0

[Event "CZE-ch U10 Girls"]
[Site "Sec u Chrudimi"]
[Date "2007.03.10"]
[Round "1"]
[White "Hustakova, Magdalena"]
[Black "Kubosova, Hana"]
[Result "0-1"]
[WhiteElo "1000"]
[BlackElo "1250"]
[PlyCount "74"]
[EventDate "2007.03.10"]
[EventType "swiss"]
[EventRounds "9"]
[EventCountry "CZE"]
[SourceTitle "EXT 2008"]
[Source "ChessBase"]
[SourceDate "2007.11.25"]
[SourceVersion "1"]
[SourceVersionDate "2007.11.25"]
[SourceQuality "1"]

1. e4 c5 2. Nc3 Nc6 3. Bc4 g6 4. Qf3 Ne5 5. Qd1 Nxc4 6. d3 Ne5 7. Nd5 Bg7 8. Bf4 d6 9. c3 e6 10. Bg5 Nf6 11. Ne3 0-0 12. Nf3 Nxf3+ 13. gxf3 Qb6 14. Rg1 Qxb2 15. Rb1 Qxc3+ 16. Qd2 Qxd2+ 17. Kxd2 a6 18. Nc4 d5 19. Nb6 Ra7 20. Nxc8 Rxc8 21. Bxf6 Bxf6 22. f4 Bd4 23. exd5 Bxf2 24. Rgf1 Bd4 25. dxe6 fxe6 26. f5 exf5 27. h4 b5 28. Ke1 h6 29. h5 g5 30. Rxf5 Re7+ 31. Kf1 Rf8 32. Rf2 Rxf2+ 33. Kg1 Rb2+ 34. Kf1 Rxb1+ 35. Kg2 Re3 36. a4 Rb2+ 37. Kh1 Re1# 0-1